[Event "POR-chT 1st Divison 2018"]
[Site "Maia"]
[Date "2018.07.20"]
[Round "7"]
[White "Spraggett, Kevin Barry"]
[Black "Vavulin, Maksim"]
[Result "1/2-1/2"]
[WhiteElo "2530"]
[BlackElo "2552"]
[Annotator "TA"]
[PlyCount "130"]
[EventDate "2018.07.16"]
[EventType "team-tourn"]
[EventCountry "POR"]
[SourceTitle "playchess.com"]
[Source "ChessBase"]
[SourceQuality "1"]

{[%evp 10,130,13,7,12,22,20,10,25,4,29,25,40,25,33,27,69,64,213,123,114,120,124,125,130,122,183,166,183,115,130,104,145,127,120,120,114,102,156,93,120,125,125,121,131,96,97,101,153,154,209,216,212,231,236,236,265,267,243,253,313,316,311,275,416,412,405,314,390,390,372,300,354,296,307,298,302,242,575,572,629,285,285,185,192,185,185,192,155,0,0,0,0,0,0,0,7,0,0,0,0,0,0,0,0,0,0,0,0,0,0,0,0,0,0,0,25,95,98,0,0,0,0]} 1. c4 e5 2. Nc3 d6 3. g3 f5 4. Bg2 Nf6 5. d3 Be7 6. f4 {LiveBook: 15 Games} exf4 {A21: English Opening: 1...e5 2 Nc3} (6... O-O 7. Nf3 Nc6 8. O-O Nd4 9. Kh1 Nxf3 10. exf3 c6 11. Re1 Nd7 12. Be3 Bf6 13. Qd2 exf4 14. Bxf4 Ne5 15. Be3 Bd7 16. f4 {1-0 (54) Erdos,V (2650)-Stevic,H (2626) Bol 2013}) 7. Bxf4 O-O 8. Nh3 c6 9. Qb3 Na6 10. d4 Nc7 11. Rd1 $146 ({Predecessor:} 11. O-O Ng4 12. Nf2 Nxf2 13. Rxf2 Ne6 14. Be3 {½-½ (57) Grott,P-Schirbel,A DESC email 2005}) 11... Rb8 12. O-O $36 {[%mdl 2048] White has good play.} Kh8 13. Bxc6 Ne4 (13... Be6 $14 14. Bg2 (14. Bxb7 $2 Bc8 $19) 14... b5) 14. Nxe4 (14. Bxe4 $18 fxe4 15. Nf2) 14... fxe4 $16 15. Nf2 Bh3 16. Nxh3 (16. Bxe4 $6 Bxf1 17. Rxf1 Ne6 $14) 16... bxc6 17. Qc2 Bf6 (17... Qd7 $16) 18. b3 Re8 19. Be3 (19. Nf2 $18) 19... d5 20. Nf4 Ne6 21. cxd5 cxd5 22. Nxe6 Rxe6 23. Rc1 Ra6 (23... Kg8 $142 24. Qc5 Qd7) 24. Qd2 (24. Bf4 $142 Ra8 25. e3) 24... Kg8 25. Bf4 Rb7 26. e3 Qd7 27. Rc5 Be7 28. Rc2 Rg6 (28... h6 $142) 29. Rfc1 h6 (29... Bd8 $16 {keeps fighting.} 30. Rc8 h6) 30. Rc7 $18 Rxc7 31. Rxc7 (31. Bxc7 $6 Rc6 $16) 31... Qe6 32. Rxa7 Bg5 33. Ra8+ Kh7 {intending ...Bxf4.} 34. Bxg5 Rxg5 {[%mdl 4096] Endgame KQR-KQR} 35. Rf8 Rg6 36. Qf2 Qc6 (36... Qg4 $142 37. Kg2 Ra6) 37. Kg2 Qc1 38. Qf7 {[%csl Gf8][%cal Rf7g8]} Qd2+ 39. Kh3 {[%csl Gf8][%cal Rf7g8]} Rf6 40. Qg8+ Kg6 41. Rxf6+ (41. Qxd5 Rxf8 42. Qxe4+ Kf7 $11) 41... Kxf6 {KQ-KQ} 42. Qf8+ (42. Qxd5 Qxe3 43. Qe5+ Kg6 $18) 42... Kg6 43. Qf4 h5 $2 (43... Kh7 44. a4 Kg8) 44. a4 Qb4 45. Qe5 (45. g4 $142 {White threatens Qf5+ and mate.} hxg4+ 46. Kxg4) 45... Qxb3 46. Kh4 Qxe3 47. Qxh5+ Kf6 48. Qe5+ $1 (48. Qxd5 g5+ 49. Kg4 (49. Kh3 Qf3 $11) 49... Qf3+ 50. Kh3 Qh5+ 51. Kg2 Qf3+ 52. Kh3 Qh5+ 53. Kg2 Qf3+ 54. Kh3 $11) 48... Kg6 {[#]} 49. Qe6+ $2 (49. a5 $1 $16 {[%cal Ra5a6]} Qe2 50. Qe6+ (50. Qxd5 Qxh2+ 51. Kg4 Qe2+ 52. Kh3 Qf1+ 53. Kh2 Qe2+ 54. Kg1 Qe1+ 55. Kh2 Qe2+ 56. Kh3 Qf1+ 57. Kg4 Qf3+ 58. Kh4 Qh1+ 59. Kg4 Qf3+ 60. Kh4 Qh1+ 61. Kg4 Qf3+ $11) 50... Kh7 51. Qf5+ (51. Qxd5 Qxh2+ 52. Kg4 e3 $16) 51... g6 52. Qf7+ (52. Qxd5 Qxh2+ 53. Kg4 Qe2+ 54. Kh3 Qf1+ 55. Kg4 Qf3+ 56. Kh4 Qh1+ 57. Kg4 Qf3+ 58. Kh4 Qh1+ 59. Kg4 Qf3+ $11) 52... Kh6 53. Qf4+ (53. Qxd5 Qxh2+ 54. Kg4 Qe2+ 55. Kh3 Qf1+ 56. Kh4 Qf6+ 57. Kh3 Qf1+ 58. Kg4 Qf3+ 59. Kh4 Qh1+ 60. Kg4 Qf3+ 61. Kh4 Qh1+ 62. Kg4 Qf3+ $11) 53... Kg7 54. g4) 49... Kh7 $11 50. Qf5+ ({Resist} 50. Qxd5 $6 Qf3 $16) 50... g6 $1 {[%cal Rg6f5]} 51. Qf7+ (51. Qxd5 Qf3 $14) 51... Kh6 52. Qf6 {[%cal Rf6h8]} Kh7 {...Qh6+ is the strong threat.} 53. Qf7+ Kh6 54. Qxd5 Qe2 55. Qg5+ Kh7 56. Qe7+ Kh6 {[%csl Gg6,Gh6][%cal Re2h5]} 57. Qf8+ Kh7 {[%csl Gg6][%cal Re2h5]} 58. Qf7+ Kh6 {[%csl Gg6,Gh6][%cal Re2h5]} 59. Qf4+ Kg7 $1 {[%csl Gg6][%cal Re2h5]} 60. Qe5+ Kf7 61. g4 {Strongly threatening Kg5.} Qe3 62. Qc7+ Kf6 {( -> ...g5+)} 63. Qd6+ Kf7 {[#]} 64. d5 (64. g5 $1 $16 Qf2+ 65. Qg3 Qxd4 66. Qf4+ Ke6 67. a5) 64... Qh6+ 65. Kg3 {And now Qf4+ would win.} Qe3+ {Precision: White = 67%, Black = 44%.} 1/2-1/2

[Event "POR-chT 1st Divison 2018"]
[Site "Maia"]
[Date "2018.07.20"]
[Round "7"]
[White "Ftacnik, Lubomir"]
[Black "Macedo, Adriano Esteves"]
[Result "1/2-1/2"]
[WhiteElo "2514"]
[BlackElo "1937"]
[Annotator "TA"]
[PlyCount "97"]
[EventDate "2018.07.16"]
[EventType "team-tourn"]
[EventCountry "POR"]
[SourceTitle "playchess.com"]
[Source "ChessBase"]
[SourceQuality "1"]

{[%evp 23,97,16,17,0,7,0,37,35,33,31,39,44,39,22,47,43,39,33,44,32,46,29,58,54,58,36,69,28,111,115,101,108,109,107,116,83,83,81,83,80,187,181,191,184,158,8,12,0,49,50,52,52,52,46,46,16,49,61,80,69,76,44,60,8,8,8,8,0,12,0,0,0,0,0,0,0]} 1. Nf3 d5 2. d4 Nf6 3. c4 e6 4. g3 dxc4 5. Bg2 Bd7 6. Ne5 Bc6 7. Nxc6 Nxc6 8. O-O Qd7 {E04: Katalanisch} 9. e3 Rd8 10. Qa4 (10. Qe2 e5 11. Nc3 Be7 12. Qxc4 exd4 13. Rd1 O-O 14. Bxc6 Qxc6 15. Qxc6 bxc6 16. Rxd4 Rxd4 17. exd4 {½-½ (31) Yilmaz,M (2619)-Can,E (2603) Reykjavik 2018}) 10... Nb4 11. Qxd7+ Rxd7 12. Na3 {[%cal Bb1a3,Ba3c4,Bc4e5][%mdl 32]} c5 {LiveBook: 12 Partien} 13. dxc5 Bxc5 14. Nxc4 O-O 15. Ne5 Rc7 16. Rd1 h6 $146 17. a3 Nbd5 18. Bd2 Rfc8 19. Rac1 Bd6 20. Rxc7 Rxc7 21. Nd3 Nd7 22. f4 Nc5 23. Nxc5 Bxc5 24. Kf2 b5 25. Ke2 (25. Bxd5 $5 exd5 26. Ba5 $14) 25... Bb6 (25... Nb6 $11) 26. Bxd5 $16 exd5 {[%mdl 4096] Endspiel KTL-KTL} 27. Bc3 Rd7 28. e4 d4 29. Be1 f5 30. exf5 Re7+ 31. Kd2 Kf7 (31... Re3 $16) 32. Bf2 $18 Kf6 33. g4 Re4 {[#]} 34. Bg3 ({Günstiger ist} 34. Rf1 $1 $16) 34... h5 $1 $11 35. h3 {Schwarz muss nun Te1 beachten.} hxg4 36. hxg4 {Und weiter mit Te1 wäre nett.} Re3 37. Bh4+ Kf7 38. Re1 {Und Txe3 würde nun gewinnen.} Rh3 39. Bg5 Ba5+ 40. b4 Bb6 41. Re7+ Kf8 42. Rd7 (42. Re6 $5 {[%cal Rg5e7]}) 42... Rg3 43. f6 (43. Ke2 $14) 43... gxf6 {Die Stellung ist ausgeglichen.} 44. Bxf6 {[#] g5 ist eine echte Drohung.} Rxg4 45. Be5 Ke8 46. Rd5 Rg3 47. Bxd4 Bxd4 48. Rxd4 Rxa3 49. Kc2 {Precision: Weiß = 44%, Schwarz = 42%.} 1/2-1/2

[Event "POR-chT 1st Divison 2018"]
[Site "Maia"]
[Date "2018.07.20"]
[Round "7"]
[White "Nagy, Gabor"]
[Black "Ribeiro, Fernando"]
[Result "1/2-1/2"]
[WhiteElo "2474"]
[BlackElo "2165"]
[Annotator "ChessBase"]
[PlyCount "106"]
[EventDate "2018.07.16"]
[EventType "team-tourn"]
[EventCountry "POR"]
[SourceTitle "playchess.com"]
[Source "ChessBase"]
[SourceQuality "1"]
[TimeControl "5400+30"]

1. e4 {[%emt 0:00:00]} c5 {[%emt 0:02:05]} 2. Nf3 {[%emt 0:00:00]} d6 {[%emt 0:00:29]} 3. d4 {[%emt 0:00:10]} cxd4 {[%emt 0:00:09]} 4. Nxd4 {[%emt 0:00:40]} Nf6 {[%emt 0:00:13]} 5. Nc3 {[%emt 0:00:16]} e5 {[%emt 0:01:20]} 6. Bb5+ {[%emt 0:00:27]} Bd7 {[%emt 0:00:44]} 7. Bxd7+ {[%emt 0:00:46]} Nbxd7 {[%emt 0:00:50]} 8. Nf5 {[%emt 0:00:32]} Qb6 {[%emt 0:02:25]} 9. O-O {[%emt 0:02:28]} Rc8 {[%emt 0:01:30]} 10. a4 {[%emt 0:02:53]} Rxc3 {[%emt 0:29:05]} 11. bxc3 {[%emt 0:00:13]} Nxe4 {[%emt 0:00:04]} 12. Ne3 {[%emt 0:04:40]} Nxc3 {[%emt 0:10:28]} 13. Qd3 {[%emt 0:00:19]} Qd4 {[%emt 0:02:29]} 14. Qxd4 {[%emt 0:14:03]} Ne2+ {[%emt 0:01:24]} 15. Kh1 {[%emt 0:00:35]} Nxd4 {[%emt 0:00:03]} 16. Ba3 {[%emt 0:00:34]} Kd8 {[%emt 0:05:35]} 17. Rfd1 {[%emt 0:03:17]} Kc7 {[%emt 0:01:19]} 18. Rd2 {[%emt 0:00:30]} Nf6 {[%emt 0:02:18]} 19. f3 {[%emt 0:00:32]} d5 {[%emt 0:15:05]} 20. Bb2 {[%emt 0:00:30]} Bc5 {[%emt 0:00:31]} 21. Rad1 {[%emt 0:02:27]} Kc6 {[%emt 0:06:20]} 22. Rd3 {[%emt 0:00:22]} Re8 {[%emt 0:06:23]} 23. c3 {[%emt 0:03:12]} e4 {[%emt 0:00:57]} 24. fxe4 {[%emt 0:00:43]} Ne2 {[%emt 0:06:08]} 25. exd5+ {[%emt 0:05:46]} Kd7 {[%emt 0:00:01]} 26. Nf5 {[%emt 0:02:18]} Ng4 {[%emt 0:00:40]} 27. Rf3 {[%emt 0:00:10]} Nf2+ {[%emt 0:00:29]} 28. Rxf2 {[%emt 0:00:06]} Bxf2 {[%emt 0:00:01]} 29. Rf1 {[%emt 0:00:19]} Nf4 {[%emt 0:00:45]} 30. c4 {[%emt 0:02:28]} g6 {[%emt 0:00:20]} 31. Bd4 {[%emt 0:04:16]} Bxd4 {[%emt 0:00:52]} 32. Nxd4 {[%emt 0:00:02]} Re4 {[%emt 0:00:12]} 33. Nf3 {[%emt 0:00:35]} f6 {[%emt 0:00:14]} 34. g3 {[%emt 0:04:11]} Nd3 {[%emt 0:00:35]} 35. Nd2 {[%emt 0:02:28]} Re2 {[%emt 0:00:00]} 36. Nb3 {[%emt 0:00:09]} Nf2+ {[%emt 0:00:18]} 37. Kg2 {[%emt 0:00:27]} Nd3+ {[%emt 0:00:22]} 38. Kg1 {[%emt 0:01:22]} f5 {[%emt 0:00:08]} 39. Rd1 {[%emt 0:00:09]} Nb2 {[%emt 0:03:05]} 40. Nc5+ {[%emt 0:01:25]} Kc8 {[%emt 0:00:20]} 41. Rc1 {[%emt 0:02:30]} b6 {[%emt 0:00:01]} 42. Ne6 {[%emt 0:00:02]} Nxa4 {[%emt 0:01:01]} 43. Ra1 {[%emt 0:01:34]} Nc5 {[%emt 0:00:39]} 44. Nxc5 {[%emt 0:04:06]} bxc5 {[%emt 0:00:02]} 45. Ra5 {[%emt 0:00:10]} Rc2 {[%emt 0:00:23]} 46. Rxc5+ {[%emt 0:00:07]} Kd7 {[%emt 0:00:09]} 47. h4 {[%emt 0:05:32]} h6 {[%emt 0:00:14]} 48. Ra5 {[%emt 0:05:44]} Rxc4 {[%emt 0:00:29]} 49. Rxa7+ {[%emt 0:00:05]} Ke8 {[%emt 0:00:32]} 50. Kf2 {[%emt 0:01:05]} h5 {[%emt 0:00:14]} 51. Rg7 {[%emt 0:00:35]} Rg4 {[%emt 0:00:09]} 52. d6 {[%emt 0:00:25]} f4 {[%emt 0:00:11]} 53. gxf4 {[%emt 0:00:44]} Rxf4+ {[%emt 0:00:01]} 1/2-1/2

[Event "POR-chT 1st Divison 2018"]
[Site "Maia"]
[Date "2018.07.20"]
[Round "7"]
[White "Galego, Luis"]
[Black "Ferreira, Jorge Viterbo"]
[Result "1/2-1/2"]
[WhiteElo "2471"]
[BlackElo "2522"]
[Annotator "TA"]
[PlyCount "25"]
[EventDate "2018.07.16"]
[EventType "team-tourn"]
[EventCountry "POR"]
[SourceTitle "playchess.com"]
[Source "ChessBase"]
[SourceQuality "1"]

{[%evp 24,25,27,0]} 1. e4 e5 2. Nf3 Nc6 3. Bb5 {[%cal Bf1b5,Bb5a4,Ba4b3][%mdl 32]} a6 4. Ba4 Nf6 5. O-O Be7 6. Re1 b5 7. Bb3 d6 8. c3 O-O 9. h3 Re8 $146 ({Vorgänger:} 9... Nb8 10. d4 Nbd7 11. Nbd2 Bb7 12. Bc2 Re8 13. Nf1 Bf8 14. Ng3 g6 15. a4 Bg7 16. Bd3 exd4 17. cxd4 c5 18. axb5 axb5 19. Rxa8 Bxa8 20. dxc5 Nxc5 21. Bxb5 Rf8 22. e5 dxe5 23. Qxd8 Rxd8 24. Nxe5 {½-½ (39) Hou,Y (2658)-Vitiugov,N (2734) Belokurikha 2018}) 10. Ng5 Rf8 11. Nf3 Re8 12. Ng5 Rf8 13. Nf3 {LiveBook: 19919 Partien} 1/2-1/2

[Event "POR-chT 1st Divison 2018"]
[Site "Maia"]
[Date "2018.07.20"]
[Round "7"]
[White "Prithu, Gupta"]
[Black "Oratovsky, Michael"]
[Result "0-1"]
[WhiteElo "2436"]
[BlackElo "2474"]
[Annotator "TA"]
[PlyCount "84"]
[EventDate "2018.07.16"]
[EventType "team-tourn"]
[EventCountry "POR"]
[SourceTitle "playchess.com"]
[Source "ChessBase"]
[SourceQuality "1"]

{[%evp 25,84,6,11,7,11,10,10,7,7,7,7,8,7,9,14,8,11,18,0,0,0,-24,50,9,43,43,50,50,28,-29,-24,-29,0,0,0,-10,8,0,175,177,223,225,222,221,207,183,187,177,293,143,122,116,125,0,0,-1110,-858,-1434,-1418,-12836,-9703]} 1. e4 d6 2. d4 Nf6 3. Nc3 e5 4. Nf3 Nbd7 5. Bc4 Be7 6. a4 O-O 7. O-O c6 8. h3 a5 9. Re1 Nb6 {C41: Philidor Defence} (9... Re8 10. Ba2 Bf8 11. Be3 Qc7 12. Ng5 Re7 13. f4 b6 14. fxe5 dxe5 15. d5 cxd5 16. exd5 {1-0 (16) Wang,H (2709)-Ivanchuk,V (2726) Huaian 2017}) 10. Ba2 Nfd7 11. Be3 exd4 12. Nxd4 Nc5 13. Qh5 Nbxa4 {LiveBook: 14 Games} 14. Nxa4 Nxa4 15. Nf3 b5 16. Ng5 Bxg5 $1 17. Bxg5 {[#]} Qc7 $146 18. Re3 Kh8 $1 (18... Nxb2 19. Rg3 $16) 19. c4 Be6 $1 20. Bb1 f6 $1 {[%cal Rf6g5]} (20... Bxc4 $2 21. e5 $18) 21. e5 $1 {[%csl Gb1][%cal Rh5h7]} f5 $1 22. b3 Nc5 23. Qh4 {And now Be7 would win.} Rae8 (23... dxe5 $11 24. Be7 Rfd8 $1 {[%mdl 512]} 25. Bxc5 Rd1+ 26. Kh2 e4+ 27. g3 Rad8) 24. Qd4 Nxb3 25. Rxb3 dxe5 26. Qc5 $36 {[%mdl 2048] Threatens to win with Rxb5! White has the initiative.} Bxc4 27. Rf3 (27. Rba3 $142) 27... f4 $11 28. Rfa3 $1 {[%cal Ra3a5]} a4 {...h6 is the strong threat.} 29. f3 Bd5 30. Bd3 {Hoping for Bxb5!} Qf7 31. Re1 {[%cal Ba1e1,Be1e5,Be5f5][%mdl 32]} Rc8 $2 (31... e4 $11 {and Black is okay.} 32. Bxe4 (32. fxe4 f3 $15) 32... Re5) 32. Rxe5 $18 Rfe8 33. Rf5 $1 {[%cal Rf5f7]} Qe6 34. Bxf4 Rcd8 35. Rh5 h6 36. Be5 Bxf3 {[#]} (36... Kg8 {was necessary.}) 37. gxf3 (37. Qa7 $1 $18 {[%csl Ge5][%cal Ra7g7][%mdl 512] is the precise move to win.} Rd7 38. Qxd7 $1 {[%mdl 512]} Qxd7 39. Rxh6+ Kg8 40. Bh7+ Kf7 41. Rxf3+ Ke7 42. Bxg7 Qa7+ 43. Kf1) 37... Rxd3 $16 38. Rxd3 {Black must now prevent Rd6.} ({But not} 38. Bxg7+ $2 Kxg7 39. Rg5+ hxg5 $19) 38... Qg6+ {[#]} 39. Kh2 (39. Kf2 $1 $16 {Intending Rd6! and mate.} Qxd3 40. Rxh6+ Kg8 41. Rd6 (41. Rxc6 Qd2+ 42. Kf1 Qd1+ 43. Kf2 Qd2+ 44. Kf1 Qd1+ 45. Kf2 Qd2+ $11)) 39... Qxd3 $11 40. Qxc6 $2 {[%mdl 8192]} (40. Rxh6+ $11 Kg8 41. Rh5 Qxf3 42. Rg5 Qe2+ 43. Kg3 Qe1+ 44. Kh2 Qe2+ 45. Kg1 Qe1+ 46. Kh2 Qe2+) 40... Qe2+ $19 {Black is clearly winning.} 41. Kg3 Rxe5 42. Rxh6+ gxh6 {Precision: White = 55%, Black = 61%.} ({Weaker is} 42... Kg8 43. Qa8+ Re8 44. Qd5+ Kf8 45. Qf5+ Kg8 46. Qd5+ Kf8 47. Qf5+ Ke7 48. Qc5+ Kf7 49. Qf5+ Kg8 50. Qd5+ $11) 0-1

[Event "POR-chT 1st Divison 2018"]
[Site "Maia"]
[Date "2018.07.20"]
[Round "7"]
[White "Pereira, Ruben"]
[Black "Guerreiro, Nuno"]
[Result "1-0"]
[WhiteElo "2420"]
[BlackElo "2050"]
[Annotator "TA"]
[PlyCount "105"]
[EventDate "2018.07.16"]
[EventType "team-tourn"]
[EventCountry "POR"]
[SourceTitle "playchess.com"]
[Source "ChessBase"]
[SourceQuality "1"]

{[%evp 11,105,53,58,52,48,52,69,31,23,39,26,0,34,14,31,0,81,23,23,12,18,38,33,25,27,0,0,22,85,45,47,44,49,50,41,39,75,72,77,77,97,93,93,85,79,89,89,83,93,87,93,93,93,93,98,93,96,101,119,119,119,119,199,199,200,191,185,187,272,265,265,258,238,127,137,112,135,136,116,159,241,234,240,233,218,210,423,392,535,599,559,562,548,516,593,568]} 1. e4 c5 2. Nc3 Nc6 3. Bb5 Nd4 4. Nf3 Nxb5 5. Nxb5 g6 (5... a6 6. Nc3 d6 7. d4 cxd4 8. Qxd4 e5 9. Qd3 h6 10. Nd2 Nf6 11. Nc4 Be6 12. Ne3 Rc8 13. a4 Qb6 14. O-O Be7 15. Rd1 O-O 16. Bd2 Qd4 17. Be1 Qxd3 18. Rxd3 Rc5 19. f3 Rfc8 {½-½ (56) Rapport,R (2715)-Lagarde,M (2587) Karlsruhe 2018}) 6. d4 {B23: Closed Sicilian: Lines without g3} Bg7 {LiveBook: 14 Games} 7. e5 cxd4 $146 ({Predecessor:} 7... Qa5+ 8. Nc3 cxd4 9. Qxd4 f6 10. Bd2 Qd8 11. Qc4 a6 12. Nd5 b5 13. Qc7 {1-0 (55) Daulyte,D (2346)-Cmilyte,V (2514) Germany 2014}) 8. Qxd4 {White is slightly better.} Nh6 9. Bf4 Qa5+ 10. Nc3 Nf5 11. Qd2 {Threatens to win with g4.} h5 12. h3 d6 {[%cal Rd6e5]} 13. exd6 O-O {[#]} (13... Nxd6 $11 14. O-O (14. Bxd6 exd6 15. Nd5 Qc5 $11) 14... Be6) 14. dxe7 (14. Nd5 $1 $16 Qxd2+ 15. Nxd2) 14... Nxe7 $11 15. O-O Be6 16. Rfe1 Rfd8 17. Qe2 Nc6 18. Rad1 Qb4 19. Bc1 Rac8 (19... Bxc3 $11 {remains equal.} 20. bxc3 Qxc3) 20. a3 Qc4 21. Qxc4 Bxc4 22. Rxd8+ Rxd8 23. Ne4 Kf8 24. b3 Bd5 25. a4 $36 {[%mdl 2048] White is on the roll.} f5 26. Neg5 Bc3 {Hoping for ...Bxf3.} 27. Ba3+ Kg8 {Strongly threatening ...Bxf3.} 28. Re3 Bf6 29. Rd3 Kg7 30. h4 a6 31. Bc5 Bg8 32. Rxd8 Bxd8 33. Kf1 b6 34. Be3 Kf8 35. Ke2 Ke7 36. Nh3 Kd6 {[#]} (36... Ke8 $16 {might work better.} 37. Nf4 Bf7) 37. Bg5 $1 $18 Ne7 38. Nf4 Bf7 39. Bf6 b5 (39... Nc6 {keeps fighting.}) 40. axb5 axb5 41. Ne5 Be8 42. g3 (42. Bxe7+ $18 Kxe7 43. Nexg6+ Kf6 44. Nf8) 42... Bb6 43. c4 {b4 is the strong threat.} Bd4 44. Bxe7+ Kxe5 $16 {[%mdl 4096] Endgame KBB-KBN} 45. c5 b4 (45... Bf7 $16 46. Bd6+ Kf6) 46. Bd6+ $18 Kf6 47. Nd5+ Kg7 48. Nxb4 Bf7 $2 (48... Bb5+ 49. Nd3 Kf6) 49. Nc2 Bc3 50. Kd3 {White is clearly winning.} Bf6 51. b4 {[%cal Bb3b4,Bb4b5][%mdl 32]} Bd5 52. Nd4 Kf7 53. b5 {Precision: White = 69%, Black = 50%.} 1-0

[Event "POR-chT 1st Divison 2018"]
[Site "Maia"]
[Date "2018.07.20"]
[Round "7"]
[White "Zelbel, Patrick"]
[Black "Larino Nieto, David"]
[Result "1-0"]
[WhiteElo "2418"]
[BlackElo "2423"]
[Annotator "TA"]
[PlyCount "109"]
[EventDate "2018.07.16"]
[EventType "team-tourn"]
[EventCountry "POR"]
[SourceTitle "playchess.com"]
[Source "ChessBase"]
[SourceQuality "1"]

{[%evp 30,109,12,5,25,31,43,27,50,25,23,21,40,43,61,54,292,284,287,291,267,252,273,227,224,212,204,206,213,87,84,81,192,183,193,63,123,118,140,137,325,338,359,337,351,190,204,181,230,225,278,218,315,275,297,233,371,359,363,359,12839,12839,12841,12841,12843,12841,12841,12842,12845,12845,12845,12845,12845,12846,12848,12847,12847,12847,12848,12848,12849,12848]} 1. e4 e6 2. d4 d5 3. Nd2 Nf6 4. e5 Nfd7 5. Bd3 c5 6. c3 Nc6 7. Ne2 cxd4 8. cxd4 f6 9. exf6 Nxf6 10. Nf3 Qc7 11. O-O Bd6 12. h3 O-O 13. Be3 Bd7 {[%cal Bc8d7,Bd7e8,Be8h5][%mdl 32]} 14. Rc1 Be8 {C06: French Tarrasch: 3...Nf6 4 e5 Nfd7 5 Bd3 main lines} 15. Ng5 Qe7 16. f4 {LiveBook: 4 Games} h6 {The position is equal.} 17. Nf3 Ne4 18. a3 Bh5 19. Qc2 $146 (19. Bxe4 $5 dxe4 20. Ne5 $14) ({Predecessor:} 19. Qe1 Bxf3 20. Rxf3 Bc7 21. Bb5 Qd6 22. Bxc6 bxc6 {½-½ (40) Kholmov,R (2450)-Gdanski,J (2355) Warsaw 1988}) 19... g5 {[%cal Rg5f4]} 20. g4 gxf4 21. Bxe4 Bxg4 22. hxg4 fxe3 $2 {[#]} (22... dxe4 $14 23. Qxe4 fxe3) 23. Bxd5 $1 $18 exd5 24. Qg6+ Qg7 25. Qxd6 Qxg4+ 26. Qg3 Qxg3+ 27. Nxg3 Rae8 28. Rce1 Rf4 29. Re2 (29. Ne2 $18 {and White stays clearly on top.} Rg4+ 30. Kh2) 29... Kh7 30. Kg2 Rg4 {[#]} (30... Nxd4 $16 31. Nxd4 Rxd4) 31. Kh3 $1 {[%cal Rh3g4]} Rf4 32. Nh5 (32. Nh4 $18 Rxf1 33. Nxf1) 32... Rf7 (32... Rf5 $14) 33. Nh2 Rxf1 34. Nxf1 {Threatens to win with Nf6+.} Rf8 $2 (34... Nxd4 $16 {is a better defense.} 35. Rxe3 Re6 36. Rxe6 Nxe6 37. Nf6+ Kg6) 35. Nxe3 Nxd4 36. Rg2 Rf3+ 37. Rg3 (37. Kh4 $142) 37... Rxg3+ 38. Kxg3 Ne2+ 39. Kf3 Ng1+ 40. Kg2 d4 (40... Ne2 $142 41. Nf6+ Kg6) 41. Nc4 Ne2 {and the idea ...Kg6 leaves Black hopeful.} 42. Kf3 d3 (42... Kg6 $142 43. Kg4 (43. Kxe2 Kxh5 44. Ne5 Kg5 $18) 43... Kf7) 43. Ne5 Nd4+ 44. Ke3 Nc6 $2 (44... Kg8 45. Kxd3 (45. Kxd4 $2 d2 $19) 45... Nf5) 45. Nxc6 {White is clearly winning.} bxc6 {[%mdl 4096] Endgame KN-KP} 46. Nf4 Kg7 47. Kxd3 {KN-K3P} Kf6 48. Ke4 a6 49. b4 {[%cal Bb2b4,Bb4a5,Ba5a6][%mdl 32]} Ke7 50. Ke5 Kd7 51. Ne6 a5 52. Nc5+ Kc7 53. bxa5 h5 54. a6 Kb6 55. Ke4 {Precision: White = 55%, Black = 36%.} 1-0

[Event "POR-chT 1st Divison 2018"]
[Site "Maia"]
[Date "2018.07.20"]
[Round "7"]
[White "Fernandes, Antonio"]
[Black "Iruzubieta Villaluenga, Jesus M"]
[Result "1/2-1/2"]
[WhiteElo "2403"]
[BlackElo "2439"]
[Annotator "TA"]
[PlyCount "61"]
[EventDate "2018.07.16"]
[EventType "team-tourn"]
[EventCountry "POR"]
[SourceTitle "playchess.com"]
[Source "ChessBase"]
[SourceQuality "1"]

{[%evp 27,61,37,33,27,33,30,64,56,48,49,52,51,57,12,20,17,28,41,41,41,48,41,39,0,0,0,0,0,0,0,0,0,0,-9,-10,-8]} 1. e4 c5 2. Nf3 d6 3. d4 cxd4 4. Qxd4 Nc6 5. Bb5 Bd7 6. Bxc6 Bxc6 7. Nc3 Nf6 8. Bg5 e6 9. O-O-O Be7 10. Rhe1 h6 11. Bxf6 {B53: Sicilian: 2...d6: Lines with Qxd4} (11. Bh4 Qa5 12. Kb1 O-O 13. Qd2 Rfd8 14. Nd5 Qxd2 15. Nxe7+ Kf8 16. Nxd2 Kxe7 17. f3 g5 18. Bf2 b6 19. Nc4 {1-0 (63) Zhigalko,S (2671)-Volokitin,A (2649) Doha 2016}) 11... Bxf6 12. Qxd6 Qxd6 13. Rxd6 Bxc3 14. bxc3 Ke7 {LiveBook: 4 Games} 15. Rd4 Rhc8 16. Re3 Be8 $146 ({Predecessor:} 16... Rc7 17. Kb2 Rac8 18. Rb4 b6 {1-0 (60) Summermatter,D (2315)-Gaule,P Bern 1998}) 17. Nd2 Rc5 18. Rc4 (18. e5 {is interesting.} Rac8 19. Kb2 b5 20. g3 Bc6 21. Nb3) 18... Rac8 19. Rxc5 Rxc5 $14 {[%mdl 4096] Endgame KRB-KRN} 20. h4 Ra5 21. Kb2 f6 22. c4 Bc6 23. g3 g5 24. hxg5 hxg5 25. Nb3 Re5 {The position is equal.} 26. Nd4 g4 27. Nxc6+ bxc6 28. Ra3 a5 29. Re3 Kd6 30. f4 gxf3 31. Rxf3 {Precision: White = 70%, Black = 70%.} 1/2-1/2